[Event "Paul Keres Mem Men"]
[Site "Tallinn EST"]
[Date "2009.01.11"]
[Round "5"]
[White "Sepp,O"]
[Black "Dreev,A"]
[Result "1/2-1/2"]
[WhiteElo "2457"]
[BlackElo "2688"]

1.Nf3 d5 2.g3 c6 3.Bg2 Bf5 4.O-O e6 5.d3 Nf6 6.Nc3 h6 7.Nd2 d4 8.Nce4 Nxe4
9.Nxe4 Be7 10.c3 dxc3 11.bxc3 Nd7 12.a4 a5 13.Be3 Qc7 14.Qb3 O-O 15.Rfb1 Rfb8
16.Bb6 Qc8 17.Qc4 Nxb6 18.Rxb6 Qc7 19.Rab1 Bxe4 20.Bxe4 Bb4 21.Rb5 Bd6 22.R5b3 Qe7  1/2-1/2

[Event "6th ch-Mediterranean"]
[Site "Antalya TUR"]
[Date "2009.01.13"]
[Round "5"]
[White "Yeke,S"]
[Black "Haznedaroglu,K"]
[Result "0-1"]
[WhiteElo "2319"]
[BlackElo "2451"]

1.Nf3 d5 2.g3 Nf6 3.Bg2 c6 4.d3 Bg4 5.Nbd2 Nbd7 6.O-O e6 7.e4 Bc5 8.Qe2 dxe4
9.dxe4 e5 10.h3 Bh5 11.a4 Qc7 12.Nc4 O-O 13.g4 Bg6 14.Nh4 Rfe8 15.c3 a5 16.Kh1 Nf8
17.f4 Bxe4 18.Nxe5 Bxg2+ 19.Qxg2 Rad8 20.Nf5 Ng6 21.h4 Nxe5 22.fxe5 Qxe5
23.Bg5 Rd3 24.Nxg7 Ne4 25.Nf5 Ng3+ 26.Qxg3 Rxg3 27.Nh6+ Kg7  0-1

[Event "Queenstown Classic"]
[Site "Queenstown NZL"]
[Date "2009.01.16"]
[Round "2"]
[White "Capper,D"]
[Black "Jackson,L"]
[Result "0-1"]
[WhiteElo "1880"]
[BlackElo "2020"]

1.Nf3 d5 2.g3 g6 3.Bg2 Bg7 4.d3 e5 5.Nbd2 f5 6.O-O e4 7.Ne1 Nf6 8.e3 O-O
9.d4 b6 10.b3 Ba6 11.c4 Nbd7 12.Nc2 c5 13.Bb2 Rc8 14.Rc1 Re8 15.Re1 Bb7 16.Bf1 Kh8
17.cxd5 Nxd5 18.Nc4 Qe7 19.a4 Red8 20.Nd2 a6 21.Bc4 Nc7 22.Bf1 Bd5 23.Ba3 Qd6
24.Bc4 b5 25.Bxd5 Nxd5 26.Bb2 N7b6 27.axb5 axb5 28.Qe2 Qd7 29.Ba1 c4 30.bxc4 bxc4
31.Rb1 Bf8 32.Rec1 c3 33.Nb3 Nc4 34.Qe1 Ba3 35.Nxa3 Nxa3 36.Nc5 Qc6 37.Rb3 Nb5
38.Qe2 Rb8 39.Qc2 Kg8 40.Rcb1 Ra8 41.Rxb5 Rxa1 42.Rb7 Rxb1+ 43.Qxb1 Rc8 44.Qb3 c2
45.Qxc2 Qxb7 46.Qc4 Qf7 47.Qb3 g5 48.Kg2 f4 49.Qc2 f3+ 50.Kg1 Ra8 51.h3 Nf6
52.Nxe4 Nxe4 53.Qxe4 Re8 54.Qg4 h6 55.h4 Qf6 56.hxg5 hxg5 57.Qd7 Re7 58.Qd5+ Rf7
59.e4 Kg7 60.e5 Qf5 61.Qc5 Qh3  0-1

[Event "7th Parsvnath Open"]
[Site "New Delhi IND"]
[Date "2009.01.17"]
[Round "8"]
[White "Panchanathan,M"]
[Black "Gagare,Shal"]
[Result "1-0"]
[WhiteElo "2490"]
[BlackElo "2093"]

1.Nf3 d5 2.g3 Bg4 3.Bg2 c6 4.O-O Nd7 5.d4 g6 6.h3 Bf5 7.c4 Ngf6 8.Nc3 Bg7
9.g4 Be6 10.Ng5 Nf8 11.cxd5 Nxd5 12.Nxe6 Nxe6 13.e3 Nec7 14.Qb3 Rb8 15.Rd1 O-O
16.e4 Nb6 17.Be3 Qd6 18.a4 Rfd8 19.a5 Nd7 20.d5 cxd5 21.Nxd5 Nc5 22.Qc2 N7a6
23.Bg5 Qe5 24.Nxe7+ Kh8 25.Nxg6+ hxg6 26.Rxd8+ Rxd8 27.Bxd8 Qxb2 28.Qxb2 Bxb2
29.Rb1 Bc3 30.Bf1 Nb4 31.Rc1 Bd4 32.Rc4 Nc6  1-0

[Event "TCh-AUT 2nd Bundesliga Ost 2008-9"]
[Site "Austria AUT"]
[Date "2009.01.18"]
[Round "7"]
[White "Groetz,H"]
[Black "Varga,Zo"]
[Result "0-1"]
[WhiteElo "2376"]
[BlackElo "2494"]

1.Nf3 d5 2.g3 c6 3.Bg2 Nf6 4.O-O Bg4 5.Ne5 Bh5 6.c4 Nbd7 7.d4 e6 8.Nc3 Nxe5
9.dxe5 Nd7 10.cxd5 cxd5 11.Qa4 a6 12.h4 Rc8 13.Bg5 Be7 14.Bxe7 Qxe7 15.Qf4 Rc4
16.Qe3 O-O 17.Rad1 Qc5 18.Qxc5 Rxc5 19.f4 Rxc3 20.bxc3 Bxe2 21.c4 Bxc4 22.Rf2 Nc5
23.Rfd2 b5 24.Kf2 b4 25.Ke3 Rc8 26.f5 a5 27.Bh3 Kf8 28.fxe6 fxe6 29.Bf1 Nd7
30.Kd4 Bxf1 31.Rxf1+ Ke7 32.Rdf2 Rc4+ 33.Kd3 Nxe5+ 34.Kd2 Rc3 35.Rf8 Nc4+
36.Ke1 Rc1+ 37.Ke2 Rc2+ 38.Ke1 Rxa2 39.R1f7+ Kd6 40.Rb7 Kc5 41.h5 h6 42.g4 Kd4
43.g5 hxg5 44.Rxg7 Rh2 45.Rxg5 e5 46.Kf1 b3 47.Kg1 Rh4 48.Kg2 b2 49.Rb8 a4
50.Kg3 Rh1 51.Rg4+ Kc3  0-1

[Event "TCh-AUT 2nd Bundesliga West 2008-9"]
[Site "Austria AUT"]
[Date "2009.01.18"]
[Round "8"]
[White "Deglmann,L"]
[Black "Schmidlechner,A"]
[Result "1/2-1/2"]
[WhiteElo "2342"]
[BlackElo "2192"]

1.Nf3 d5 2.g3 Nf6 3.Bg2 c6 4.O-O Bg4 5.b3 e6 6.Ne5 Bf5 7.Bb2 Be7 8.d4 O-O
9.c4 Nbd7 10.Re1 Bb4 11.Nxd7 Qxd7 12.Bc3 Be7 13.Bb2 Bb4 14.Rf1 Rad8 15.a3 Ba5
16.Nd2 Rfe8 17.Rc1 Qe7 18.b4  1/2-1/2

[Event "Queenstown Classic"]
[Site "Queenstown NZL"]
[Date "2009.01.18"]
[Round "4"]
[White "Capper,D"]
[Black "Post,Mar"]
[Result "0-1"]
[WhiteElo "1880"]
[BlackElo "2094"]

1.Nf3 d5 2.g3 Nf6 3.Bg2 c6 4.d3 Nbd7 5.O-O e5 6.Nbd2 Bc5 7.e4 O-O 8.a3 b5
9.Nh4 Nb6 10.Nf5 Bxf5 11.exf5 Re8 12.Nb3 Bf8 13.Be3 Na4 14.Rb1 Qc7 15.d4 e4
16.Bf4 Bd6 17.Bd2 h5 18.Nc1 Qd7 19.Bh3 Nb6 20.Bg5 Nc4 21.Re1 c5 22.Nb3 cxd4
23.Nxd4 Be5 24.c3 Qb7 25.Ne2 Nh7 26.Bf4 Rad8 27.Bxe5 Nxe5 28.Nd4 Ng5 29.Bg2 g6
30.h4 Nh7 31.fxg6 fxg6 32.Bh3 Rd6 33.f4 exf3 34.Nxf3 Qb6+ 35.Nd4 Rf6 36.Kg2 Qb8
37.Rf1 Nc4 38.Kh2 Ne3 39.Qd3 Nxf1+ 40.Rxf1 Qe5 41.Rxf6 Qxf6 42.Bg2 Kg7 43.Bxd5 Qf2+
44.Bg2 Nf6 45.Qf3 Ng4+ 46.Kh3 Qg1 47.Qb7+ Kh8 48.Nf3 Nf2+  0-1

[Event "Open"]
[Site "Marianske Lazne CZE"]
[Date "2009.01.19"]
[Round "3"]
[White "Minina,V"]
[Black "Dadello,K"]
[Result "1-0"]
[WhiteElo "2125"]
[BlackElo "1718"]

1.Nf3 d5 2.g3 Nf6 3.Bg2 e6 4.O-O Bd6 5.c4 Nbd7 6.d4 c6 7.Qc2 O-O 8.b3 e5
9.dxe5 Nxe5 10.cxd5 Nxd5 11.Bb2 Nxf3+ 12.exf3 Re8 13.f4 Bxf4 14.Be4 Nf6 15.Rd1 Bd6
16.Nd2 Be7 17.Nc4 Bd7 18.Ne5 Qc7 19.Bxh7+ Nxh7 20.Rxd7 Qc8 21.Qc4 Ng5 22.Rad1 Ne6
23.Nxf7  1-0

[Event "Open"]
[Site "Marianske Lazne CZE"]
[Date "2009.01.19"]
[Round "3"]
[White "Turner,Ja"]
[Black "Chrzaszcz,M"]
[Result "1-0"]
[WhiteElo "2374"]
[BlackElo "2042"]

1.Nf3 d5 2.g3 Nf6 3.Bg2 Bf5 4.O-O e6 5.d3 h6 6.Nbd2 Be7 7.Qe1 Bh7 8.e4 c6
9.Qe2 O-O 10.b3 a5 11.a3 Nfd7 12.Bb2 Bf6 13.e5 Be7 14.Kh1 b5 15.Ne1 Qb6 16.f4 Na6
17.g4 Bc5 18.Rc1 b4 19.a4 Bd4 20.Bxd4 Qxd4 21.Bh3 Nac5 22.Ndf3 Qb2 23.Qe3 Qc3
24.Nd4 Ne4 25.Nef3 Rac8 26.Rfe1 Nec5 27.Ne2 Qb2 28.Nfd4 Nxd3 29.Rb1 Be4+
30.Kg1 Nxe1 31.Rxb2 c5 32.Nb5 Nxc2 33.Qd2 c4 34.Rxc2 Bxc2 35.Qxc2 cxb3 36.Qxb3 Nc5
37.Qd1 Ne4 38.Ned4 Nc3 39.Nxc3 Rxc3 40.Bf1 Rfc8 41.Nb3  1-0

[Event "7th Parsvnath Open"]
[Site "New Delhi IND"]
[Date "2009.01.19"]
[Round "10"]
[White "Joshi,GB"]
[Black "Murali Krishnan,B"]
[Result "1/2-1/2"]
[WhiteElo "2273"]
[BlackElo "2444"]

1.Nf3 d5 2.g3 c6 3.Bg2 Bg4 4.b3 Nd7 5.Bb2 Ngf6 6.O-O a5 7.a3 Qc7 8.d3 e5
9.Nbd2 Bc5 10.e4 O-O 11.h3 Bh5 12.c4 dxe4 13.dxe4 Rfe8 14.Qc2 Nf8 15.Bc3 b6
16.Qb2 N6d7 17.b4 Bd6 18.Nh4 Ne6 19.Nf5  1/2-1/2

[Event "68th ch-GEO"]
[Site "Tbilisi GEO"]
[Date "2009.01.20"]
[Round "4"]
[White "Gagunashvili,M"]
[Black "Benidze,D"]
[Result "1/2-1/2"]
[WhiteElo "2585"]
[BlackElo "2423"]

1.Nf3 d5 2.g3 Nf6 3.Bg2 e6 4.O-O Be7 5.d3 O-O 6.Nbd2 b6 7.e4 dxe4 8.Ng5 Bb7
9.Ngxe4 Nxe4 10.Nxe4 Nd7 11.Nf6+ Nxf6 12.Bxb7 Rb8 13.Bg2 c5 14.a4 Qc7 15.a5 bxa5
16.b3 Nd5 17.Bd2 Bf6 18.Bxa5 Qe7 19.Ra4 Nc3 20.Bxc3 Bxc3 21.Qb1 Rb4 22.Qa2 Rxa4
23.Qxa4 Bd4 24.Qc4 Qf6 25.Qa6 Qe7 26.Qb7 Qxb7 27.Bxb7 Rb8 28.Bc6 Rb6 29.Ba4  1/2-1/2

[Event "Corus C"]
[Site "Wijk aan Zee NED"]
[Date "2009.01.20"]
[Round "4"]
[White "Bosboom,M"]
[Black "Giri,A"]
[Result "1/2-1/2"]
[WhiteElo "2418"]
[BlackElo "2469"]

1.Nf3 d5 2.g3 Nf6 3.Bg2 c6 4.d3 Bg4 5.Nbd2 Nbd7 6.O-O e5 7.h3 Bh5 8.Nh4 Bc5
9.c4 O-O 10.cxd5 Nxd5 11.Ne4 Bb6 12.Nf5 Nc5 13.Nc3 Ne7 14.Ne3 Ne6 15.Nc4 Bc7
16.b4 Qd7 17.Rb1 b5 18.Nd2 a5 19.a3 f5 20.Nf3 Nd4 21.Bg5 axb4 22.axb4 Ra3
23.Rc1 Bxf3 24.exf3 Rxc3 25.Rxc3 Nd5 26.Bd2 Nxc3 27.Bxc3 f4 28.Re1 fxg3 29.fxg3 Nf5
30.Kh2 Qf7 31.Re4 Qg6 32.Qe1 Nh6 33.Bxe5 Bxe5 34.Rxe5 Qxd3  1/2-1/2

[Event "Open"]
[Site "Marianske Lazne CZE"]
[Date "2009.01.21"]
[Round "5"]
[White "Zemerov,V"]
[Black "Zysko,J"]
[Result "1/2-1/2"]
[WhiteElo "2317"]
[BlackElo "2185"]

1.Nf3 d5 2.g3 Bg4 3.Bg2 c6 4.Ne5 Bh5 5.c4 e6 6.Qb3 Nd7 7.d4 Nxe5 8.dxe5 Qc7
9.cxd5 exd5 10.Nc3 Bc5 11.O-O Ne7 12.e4 d4 13.Na4 Bb6 14.Bf4 Ng6 15.Nxb6 Qxb6
16.f3 Nxf4 17.gxf4 Qxb3 18.axb3 Ke7 19.Rfd1 Rhd8 20.b4 d3 21.Rd2 Rd4 22.Ra3 Rad8
23.b5 cxb5 24.Rxa7 R8d7 25.Kf2 Rc4 26.Ke3 Rc2 27.Ra3 f6 28.exf6+ gxf6 29.Raxd3 Rxd3+
30.Kxd3 Rc4 31.Rc2 Bf7 32.Rxc4 bxc4+ 33.Kd4 Kd6 34.Bf1 b5 35.f5 Bh5 36.f4 Bf3
37.e5+ Ke7 38.Kc5 Be4 39.Bh3 Bd3 40.Bg2 Bxf5 41.exf6+ Kxf6 42.Kxb5 Bd3 43.Kc5 Kf5
44.Bd5 c3 45.bxc3 Kxf4 46.Kd4 Bb5 47.Be4 h5 48.Bd3 Bd7 49.c4 h4 50.c5 Bc6
51.Bc4 Kf5 52.Bd5 Bb5 53.Bg2 Ke6 54.Bh3+ Ke7 55.Ke5 Bd7 56.Bg2 Bc8 57.Bd5 Bd7
58.Bb7 h3 59.Be4 Bb5 60.Bf5 Bd7 61.Be4 Bb5 62.Bf3 Bd7 63.Bd5 Bg4 64.Kf4 Bc8
65.Kg3 Kf6 66.Bf3 Ke5 67.Bg4 Bxg4 68.Kxg4 Kd5 69.Kxh3 Kxc5 70.Kg4 Kd6 71.Kg5 Ke7
72.Kg6  1/2-1/2

[Event "Open"]
[Site "Marianske Lazne CZE"]
[Date "2009.01.23"]
[Round "7"]
[White "Minina,V"]
[Black "Zysko,J"]
[Result "0-1"]
[WhiteElo "2125"]
[BlackElo "2185"]

1.Nf3 d5 2.g3 Bg4 3.Bg2 Nd7 4.O-O Ngf6 5.d4 e6 6.c4 c6 7.cxd5 exd5 8.Nc3 Be7
9.h3 Bh5 10.Bf4 O-O 11.Rc1 Re8 12.a3 a5 13.Ne5 Nxe5 14.Bxe5 Nd7 15.Bf4 Bf8
16.g4 Bg6 17.e3 h6 18.Re1 Nb6 19.Qb3 a4 20.Qd1 Nc4 21.Nxa4 Qa5 22.b3 Nxa3
23.Nc5 Qb4 24.Bf1 Ra7 25.Bd3 Bxd3 26.Nxd3 Qb6 27.Nc5 Bxc5 28.dxc5 Qb4 29.Bc7 Nb5
30.Bb6 Ra3 31.Qf3 Nd4 32.Qg3 Rxb3 33.Kg2 Ne6 34.Qd6 Ng5 35.Qf4 Ne4 36.Ra1 Ra3
37.Rab1 Qa4 38.Red1 Ra2 39.Rd4 Qc2 40.Rf1 Re6 41.Bd8 Nxc5 42.Rdd1 Qe4+ 43.Qxe4 Nxe4
44.Bb6 Rf6 45.Kg1 Rfxf2 46.Rxf2 Nxf2 47.Rb1 Nxh3+ 48.Kf1 Rc2 49.Ra1 Rb2 50.Bd4 Rb5
51.Ra8+ Kh7 52.Rc8 Ng5 53.Rc7 Kg6  0-1

[Event "IMB"]
[Site "Marianske Lazne CZE"]
[Date "2009.01.23"]
[Round "9"]
[White "Poliakov,A"]
[Black "Oparin,G"]
[Result "1-0"]
[WhiteElo "2302"]
[BlackElo "2189"]

1.Nf3 d5 2.g3 Nf6 3.Bg2 c6 4.O-O Bg4 5.h3 Bxf3 6.Bxf3 e5 7.d3 Nbd7 8.Nd2 Bd6
9.e4 Qc7 10.Qe2 O-O-O 11.exd5 cxd5 12.c4 Nb6 13.cxd5 Kb8 14.Nc4 Nfxd5 15.Nxb6 Nxb6
16.Be3 Qe7 17.a4 Bc7 18.Bxb6 Bxb6 19.a5 Bd4 20.a6 h5 21.Bxb7 f5 22.Bg2 Rd6
23.Ra4 Re8 24.Rc1 g5 25.Rac4 e4 26.Qc2 Rdd8 27.Rc7 Qd6 28.Rb7+ Ka8 29.dxe4 Qxa6
30.exf5 Qxb7 31.Bxb7+ Kxb7 32.Qc6+ Kb8 33.Rd1 Rf8 34.Qb5+ Ka8 35.Re1  1-0

[Event "IMA"]
[Site "Marianske Lazne CZE"]
[Date "2009.01.23"]
[Round "9"]
[White "Baum,B"]
[Black "Marholev,D"]
[Result "0-1"]
[WhiteElo "2222"]
[BlackElo "2449"]

1.g3 d5 2.Nf3 Nf6 3.Bg2 g6 4.O-O Bg7 5.d4 O-O 6.c4 dxc4 7.Na3 c3 8.bxc3 c5
9.Nc4 Nc6 10.Nfe5 Nd5 11.Nxc6 bxc6 12.Bb2 Rb8 13.Rb1 Ba6 14.Ne5 Rxb2 15.Rxb2 Nxc3
16.Qb3 Nxe2+ 17.Rxe2 Bxe2 18.Nxc6 Qd6 19.Re1 c4 20.Qa4 Bd3 21.Qxa7 e6 22.Rd1 Bf6
23.Qa4 Bxd4 24.Rxd3 cxd3 25.Nxd4 d2 26.Bf3 Rd8  0-1

[Event "Queenstown Classic"]
[Site "Queenstown NZL"]
[Date "2009.01.23"]
[Round "9"]
[White "Wohl,A"]
[Black "Van Riemsdijk,H"]
[Result "1-0"]
[WhiteElo "2342"]
[BlackElo "2392"]

1.Nf3 d5 2.g3 Bg4 3.Bg2 Nc6 4.d4 Qd7 5.h3 Bh5 6.Nbd2 f6 7.c3 e5 8.dxe5 fxe5
9.e4 dxe4 10.Nxe4 Qxd1+ 11.Kxd1 Nf6 12.Nxf6+ gxf6 13.Ke1 Bc5 14.Bh6 O-O-O
15.g4 Bf7 16.Bg7 Rhe8 17.Bxf6 Rd6 18.Bh4 e4 19.Ng5 Bg6 20.Bg3 Rd7 21.h4 h6
22.h5 e3 23.hxg6 exf2+ 24.Kf1 hxg5 25.Rh7 Rde7 26.Rxe7 Rxe7 27.Bd5 Rg7 28.Bf7 Kd7
29.Rd1+ Bd6 30.Kxf2 Nd8 31.Be5 Rxf7+ 32.gxf7 Nxf7 33.Bxd6 Nxd6 34.Ke3 Ke6
35.Rd4  1-0

[Event "Open"]
[Site "Marianske Lazne CZE"]
[Date "2009.01.25"]
[Round "9"]
[White "Minina,V"]
[Black "Navratil,Ji1"]
[Result "1/2-1/2"]
[WhiteElo "2125"]
[BlackElo "2136"]

1.Nf3 d5 2.g3 Nf6 3.Bg2 c6 4.c4 Bf5 5.cxd5 Nxd5 6.O-O e6 7.Nc3 Be7 8.Re1 Bg6
9.e4 Nf6 10.d4 O-O 11.Ne5 Nbd7 12.Nxg6 hxg6 13.h4 e5 14.d5 Bc5 15.Bf3 Bd4
16.Kg2 Rc8 17.Ne2 Bc5 18.Nc3 Bd4 19.Ne2 Bc5 20.Nc3  1/2-1/2

[Event "7th Gibtelecom Masters"]
[Site "Caleta ENG"]
[Date "2009.01.28"]
[Round "2"]
[White "Carlhammar,M"]
[Black "Cafolla,P"]
[Result "1-0"]
[WhiteElo "2350"]
[BlackElo "2013"]

1.Nf3 d5 2.g3 c5 3.Bg2 e6 4.O-O Nf6 5.d4 Nc6 6.c4 Be7 7.dxc5 Bxc5 8.a3 Be7
9.b4 Ne4 10.Bb2 Bf6 11.Qc2 O-O 12.Rd1 Bxb2 13.Qxb2 Qf6 14.Qxf6 Nxf6 15.Nc3 dxc4
16.Nd2 Bd7 17.Nxc4 a6 18.Nb6 Rad8 19.Nca4 Nd5 20.Nxd7 Rxd7 21.Nc5 Re7 22.Rac1 a5
23.b5 Nd8 24.e3 Nb6 25.Rd6 Nc8 26.Rd7 b6 27.Rxe7 Nxe7 28.Nd7 Re8 29.Nxb6 f6
30.Nc4 e5 31.Nxa5 Ne6 32.Nc6 Nc8 33.a4 Nd6 34.b6 e4 35.a5  1-0

[Event "ch-PriFO"]
[Site "Kazan RUS"]
[Date "2009.01.28"]
[Round "8"]
[White "Yandemirov,V"]
[Black "Shaposhnikov,E"]
[Result "1/2-1/2"]
[WhiteElo "2474"]
[BlackElo "2544"]

1.Nf3 d5 2.g3 c6 3.Bg2 Bg4 4.O-O Nd7 5.d4 e6 6.c3 Ngf6 7.Nbd2 Be7 8.Re1 Bf5
9.Nh4 Bg4 10.Nhf3 Bf5  1/2-1/2

[Event "ch-PriFO"]
[Site "Kazan RUS"]
[Date "2009.01.28"]
[Round "8"]
[White "Ioffe,D"]
[Black "Beliaev,Va"]
[Result "1-0"]
[WhiteElo "2159"]
[BlackElo "2049"]

1.g3 d5 2.Nf3 c5 3.Bg2 Nc6 4.O-O Nf6 5.d4 Bf5 6.c4 e6 7.cxd5 exd5 8.Nc3 a6
9.Bg5 Be7 10.dxc5 d4 11.Na4 h6 12.Bf4 Nh5 13.Be5 Nxe5 14.Nxe5 Qc7 15.e4 dxe3
16.Nxf7 Nf4 17.Nd6+ Bxd6 18.cxd6 e2 19.dxc7 exd1=Q 20.Rfxd1 Nxg2 21.Nb6  1-0

[Event "7th Gibtelecom Masters"]
[Site "Caleta ENG"]
[Date "2009.01.29"]
[Round "3"]
[White "Lyons,B"]
[Black "Rasch,H"]
[Result "0-1"]
[WhiteElo "2060"]
[BlackElo "2301"]

1.Nf3 d5 2.g3 Nf6 3.Bg2 c6 4.O-O Bf5 5.d3 h6 6.Re1 e6 7.Nbd2 Be7 8.Ne5 O-O
9.e4 Bh7 10.exd5 cxd5 11.Ndf3 Nbd7 12.Qe2 Rc8 13.Bh3 Nxe5 14.Nxe5 Nd7 15.Nxf7 Rxf7
16.Bxe6 Nf8 17.Bxf7+ Kxf7 18.Be3 b6 19.Bd4 Rc7 20.Qg4 Bg6 21.Re2 Qd7 22.Qf4+ Kg8
23.Rae1 Bd6 24.Qf3 Qf7 25.Qxf7+ Kxf7 26.Be5 Bxe5 27.Rxe5 Rd7 28.R1e3 Kf6
29.d4 Be4 30.Re8 Kf7 31.R8xe4 dxe4 32.Rxe4 Ne6 33.c3 Ng5 34.Rf4+ Ke6 35.Kg2 Kd5
36.h4 Ne6 37.Rf3 b5 38.b3 b4 39.Rf5+ Kc6 40.cxb4 Nxd4 41.Rc5+ Kd6 42.g4 Rc7
43.Ra5 Nc6 44.Rb5 Nd4 45.Ra5 Nc2 46.Rb5 Kc6 47.a4 Nd4 48.Rb8 Nxb3 49.g5 hxg5
50.hxg5 Kd5 51.a5 Nd4 52.b5 Ne6 53.a6 Kd6 54.b6 axb6 55.Rxb6+ Ke5 56.Rb7 Rc5
57.a7 Ra5 58.Rf7 g6 59.Rb7 Ra3 60.Rb5+ Kf4 61.Rb6 Kf5 62.Rb5+ Kg4 63.f3+ Kh4
64.Re5 Nf4+ 65.Kf2 Nd3+ 66.Ke3 Nxe5+ 67.Ke4 Nxf3 68.a8=Q Rxa8 69.Kxf3 Kxg5
70.Kf2 Kf4 71.Kg2  0-1

[Event "ch-PriFO"]
[Site "Kazan RUS"]
[Date "2009.01.29"]
[Round "9"]
[White "Ioffe,D"]
[Black "Kanter,E"]
[Result "0-1"]
[WhiteElo "2159"]
[BlackElo "2366"]

1.g3 d5 2.Nf3 Nc6 3.d4 Bg4 4.Bg2 e6 5.O-O Nf6 6.c3 Bd6 7.Qb3 Na5 8.Qa4+ c6
9.Nbd2 b5 10.Qc2 Bf5 11.Qd1 O-O 12.Nh4 Bg4 13.Re1 Nd7 14.Qc2 f5 15.Nhf3 Qc7
16.b3 Nb6 17.Bb2 a6 18.Rac1 Rac8 19.e3 Bxf3 20.Nxf3 c5 21.dxc5 Bxc5 22.Ng5 Qe7
23.h4 Nc6 24.Red1 Bd6 25.Qd2 Rfd8 26.Qe2 Ne5 27.Rd2 Rc6 28.Rcd1 Rcc8 29.Nh3 Bc7
30.Nf4 Ned7 31.h5 Nf6 32.Rd3 Ne4 33.h6 g6 34.g4 Be5 35.gxf5 gxf5 36.c4 Bxb2
37.Qxb2 bxc4 38.bxc4 Nxc4 39.Qe2 Kh8 40.Qh5 Rg8 41.Kf1 Nf6 42.Qh3 Nb2 43.Rb1 Nxd3
44.Nxd3 Ne4 45.Bxe4 dxe4 46.Ne5 Rb8 47.Rd1 Rgd8 48.Re1 Rbc8 49.Rb1 Qf6 50.Qg3 Rd5  0-1

[Event "7th Gibtelecom Masters"]
[Site "Caleta ENG"]
[Date "2009.01.30"]
[Round "4"]
[White "Hickman,J"]
[Black "Escandell Atienza,S"]
[Result "1-0"]
[WhiteElo "2002"]
[BlackElo "1485"]

1.Nf3 d5 2.g3 c5 3.Bg2 Nc6 4.O-O e5 5.d3 Be7 6.Nbd2 Nf6 7.e4 O-O 8.c3 h6
9.Qe2 Re8 10.exd5 Qxd5 11.Nc4 e4 12.dxe4 Qxe4 13.Be3 Qe6 14.Rfe1 Rb8 15.Bf4 Qxe2
16.Rxe2 Ra8 17.Rae1 Be6 18.Nd6 Bxd6 19.Bxd6 Bxa2 20.Rxe8+ Rxe8 21.Rxe8+ Nxe8
22.Bxc5 b6 23.Be3 Kf8 24.Nd4 Ne7 25.Nb5 Nc8 26.Bf4 Bc4 27.Nd4 Ned6 28.Nc6 Nb5
29.Ne5 Be6 30.Kf1 Ke7 31.Ke2 g5 32.Be3 Nbd6 33.f4 f6 34.Nc6+ Kd7 35.fxg5 fxg5
36.Bd4 Nf5 37.Be5 Nfd6 38.b4 Nb5 39.Kd2 Nbd6 40.Kd3 Bf5+ 41.Kd4 Nb5+ 42.Ke3 Nbd6
43.Bg7 Nf7 44.Kd4 Be6 45.Ne5+ Nxe5 46.Kxe5 h5 47.Bf3 g4 48.Be4 Ke7 49.Bg6 Bf7
50.Bf5 a5 51.Bxc8 a4 52.Bf6+ Kf8 53.c4 Bxc4 54.Be6 Bxe6 55.Kxe6 a3 56.b5 a2
57.Bd4 Ke8 58.Kd6 Kd8 59.Kc6 Kc8 60.Be5 a1=Q 61.Bxa1 Kb8 62.Kxb6 Ka8 63.Kc7 h4
64.gxh4 g3 65.hxg3 Ka7 66.b6+ Ka8 67.b7+  1-0

[Event "XXXIV Open"]
[Site "Seville ESP"]
[Date "2009.01.30"]
[Round "8"]
[White "Paunovic,D"]
[Black "Melero Fidalgo,J"]
[Result "1/2-1/2"]
[WhiteElo "2526"]
[BlackElo "2175"]

1.Nf3 d5 2.g3 Nf6 3.Bg2 Bf5 4.d3 e6 5.O-O Be7 6.c4 c6 7.Nbd2 h6 8.b3 O-O
9.Bb2 Nbd7 10.a3 a5 11.Ra2 Qb8 12.Qa1 b5 13.Nd4 Qb7 14.Nxf5 exf5 15.cxd5 cxd5
16.Nf3 Rfc8 17.Nd4 g6 18.Rc1 Ne8 19.Rxc8 Rxc8 20.Bc3 Bf6 21.b4 a4 22.Rd2 Nc7
23.Bb2 Ne6 24.Rd1 Bxd4 25.Bxd4 Rc2 26.Be3 g5 27.Rc1 Qc6 28.Qb1 Rxc1+ 29.Qxc1 Qd6
30.Qc8+ Ndf8 31.Bc5 Qe5 32.d4 Qxe2 33.Bxd5 Qd1+ 34.Kg2 Nf4+ 35.gxf4 Qg4+  1/2-1/2

[Event "Bundesliga 2008-9"]
[Site "Muelheim GER"]
[Date "2009.01.31"]
[Round "10"]
[White "Schebler,G"]
[Black "Doettling,F"]
[Result "1-0"]
[WhiteElo "2467"]
[BlackElo "2564"]

1.Nf3 d5 2.g3 Nf6 3.Bg2 e6 4.O-O Be7 5.c4 O-O 6.d4 dxc4 7.Qc2 a6 8.Qxc4 b5
9.Qc2 Bb7 10.Bg5 Nbd7 11.Bxf6 Nxf6 12.Nbd2 Rc8 13.Nb3 Be4 14.Qc3 Nd5 15.Qd2 Bb4
16.Qc1 c5 17.dxc5 Qc7 18.Rd1 Nf6 19.a3 Bxc5 20.Nxc5 Qxc5 21.Qxc5 Rxc5 22.Rac1 Nd7
23.Ne1 Bxg2 24.Kxg2 Rxc1 25.Rxc1 Ne5 26.Rc7 Rd8 27.Rc1 Rf8 28.Rc7 Rd8 29.f4 Nc4
30.Nd3 Kf8 31.a4 Ke8 32.b4 Rd4 33.axb5 axb5 34.Kf3 Nd6 35.g4 h6 36.h4 g6
37.Rc5 Rc4 38.h5 gxh5 39.Rxh5 Ke7 40.Rxh6 Rc3 41.Rh5 Rb3 42.Rc5 Kd7 43.f5 exf5
44.gxf5 f6 45.Kf4 Ra3 46.Rc1 Ra2 47.e4 Rh2 48.Nc5+ Ke7 49.Ra1 Rf2+ 50.Ke3 Rb2
51.Ra7+ Ke8 52.Nd7 Nc4+ 53.Kf4 Ke7 54.Ne5+  1-0

[Event "Bundesliga 2008-9"]
[Site "Muelheim GER"]
[Date "2009.01.31"]
[Round "10"]
[White "Hausrath,D"]
[Black "Dautov,R"]
[Result "1/2-1/2"]
[WhiteElo "2493"]
[BlackElo "2601"]

1.Nf3 d5 2.g3 c6 3.Bg2 Bg4 4.c4 e6 5.O-O Nf6 6.b3 Nbd7 7.Bb2 Bd6 8.d3 O-O
9.Nbd2 Re8 10.Qc2 e5 11.e3 h6 12.a3 a5 13.h3 Bf5 14.e4 Bh7 15.Nh4 dxe4 16.Nxe4 Nc5
17.Rad1 Ncxe4 18.dxe4 Qe7 19.a4 Bc5 20.Nf5 Qc7 21.Bc3 Nd7 22.Qd2 Nf8 23.Qe2 Ne6
24.Qg4 Bg6 25.Nh4 h5 26.Qe2 Nd4 27.Bxd4 exd4 28.Nxg6 fxg6 29.Rd3 Rf8  1/2-1/2

[Event "Open"]
[Site "Moscow RUS"]
[Date "2009.02.01"]
[Round "2"]
[White "Kurdakov,Y"]
[Black "Krapivin,A"]
[Result "0-1"]
[WhiteElo "2277"]
[BlackElo "2501"]

1.Nf3 d5 2.g3 e6 3.Bg2 Nf6 4.d3 b6 5.Nbd2 Bb7 6.O-O Be7 7.e4 dxe4 8.Ng5 Nbd7
9.Ngxe4 Rb8 10.Nxf6+ Nxf6 11.Bxb7 Rxb7 12.Qf3 Qd5 13.Ne4 Nxe4 14.Qxe4 c6
15.a4 Bf6 16.c3 Ke7 17.Qxd5 cxd5 18.Re1 Rc8 19.Bf4 a6 20.Ra3 Rc6 21.Kf1 Kd7
22.Bd2 b5 23.axb5 axb5 24.d4 b4 25.Ra2 Be7 26.Rea1 Bd6 27.Ra7 Rcc7 28.Rxb7 Rxb7
29.Ke2 f6 30.cxb4 Bxb4 31.Bxb4 Rxb4 32.Ra7+ Kd6 33.Rxg7 Rxd4 34.Rxh7 Rb4
35.Rf7 Ke5 36.f4+ Kf5 37.b3 Rxb3 38.g4+ Kxf4 39.Rxf6+ Ke5 40.Rf2 Rb2+ 41.Kf3 Rxf2+
42.Kxf2 Kf4 43.h3 e5 44.g5  0-1

[Event "TCh-BEL 2008-9"]
[Site "Belgium BEL"]
[Date "2009.02.02"]
[Round "8"]
[White "Docx,S"]
[Black "Bruehl,A"]
[Result "1-0"]
[WhiteElo "2331"]
[BlackElo "2365"]

1.Nf3 d5 2.g3 c5 3.Bg2 Nc6 4.d4 e6 5.O-O Nf6 6.c4 dxc4 7.dxc5 Bxc5 8.Qxd8+ Kxd8
9.Nbd2 Ke7 10.Nxc4 Bd7 11.b3 Rhd8 12.Bb2 Rac8 13.Rac1 Be8 14.e3 Nb4 15.Na5 Bb5
16.Nxb7 Nd3 17.Rfd1 Nxc1 18.Rxc1 Bd6 19.Nxd8 Rxc1+ 20.Bxc1 Kxd8 21.Bb2 a5
22.Nd4 Bd7 23.Nc6+ Bxc6 24.Bxc6 Ke7 25.h3 g6 26.Kf1 Nd7 27.Ke2 f5 28.Bxd7 Kxd7
29.Kd3 Kc6 30.Kc4 h5 31.a3 g5 32.b4 axb4 33.axb4 g4 34.h4 Bc7 35.Bg7 Bd6
36.Bh6 Be7 37.Bg5 Bf8 38.b5+ Kb7 39.Bd8 Bg7 40.Be7 Kb6 41.Bc5+ Kb7 42.Bd4 Bf8
43.Bf6 Bd6 44.Bd8 Kc8 45.Bg5 Kb7 46.Bf4 Bf8 47.Kd4 Bg7+ 48.Kc5 Bf8+ 49.Bd6 Bg7
50.Be7 Bc3 51.Kd6 Be1 52.Bg5  1-0

[Event "7th Gibtelecom Masters"]
[Site "Caleta ENG"]
[Date "2009.02.03"]
[Round "8"]
[White "Carlhammar,M"]
[Black "Hagesaether,A"]
[Result "1-0"]
[WhiteElo "2350"]
[BlackElo "2184"]

1.Nf3 d5 2.g3 c6 3.Bg2 Nf6 4.O-O Bf5 5.b3 e6 6.Bb2 Be7 7.d3 h6 8.Nbd2 O-O
9.Qe1 Bh7 10.e4 Nbd7 11.Qe2 Rc8 12.Ne1 b5 13.f4 dxe4 14.dxe4 Qa5 15.a3 Rfd8
16.Kh1 Nb8 17.Nd3 c5 18.b4 cxb4 19.axb4 Qb6 20.Nb3 Nc6 21.c3 Nd7 22.Bc1 Bf6
23.Be3 Qb8 24.Rfc1 Nb6 25.Ndc5 Nc4 26.Bg1 Be7 27.Na6 Qb7 28.e5 Bf8 29.Nd4 Nxd4
30.Bxd4 Qd7 31.Rd1 Qe8 32.Bxa7 Rxd1+ 33.Rxd1 Rc6 34.Ra1 Qc8 35.Bxc6 Qxc6+
36.Kg1 Qd5 37.Bd4 Be4 38.Nc7 Qc6 39.Nxb5 Bf3 40.Qf2 Bd5 41.Na7 Qd7 42.h3 Bb7
43.Kh2 Qd5 44.g4 Be7 45.Rg1 Bh4 46.Qxh4 Nd2 47.Qf2 Nf3+ 48.Kg3 Nxg1 49.Qxg1 Qf3+
50.Kh2 Qxf4+ 51.Qg3 Qc1 52.Qg1 Qf4+ 53.Qg3 Qc1 54.Qf2 g5 55.Nb5 h5 56.gxh5 Qh1+
57.Kg3 f5 58.exf6 Qe4 59.f7+ Kh7 60.f8=Q  1-0

[Event "7th Gibtelecom Masters"]
[Site "Caleta ENG"]
[Date "2009.02.04"]
[Round "9"]
[White "Tsifanskaya,L"]
[Black "Cafolla,P"]
[Result "1/2-1/2"]
[WhiteElo "2149"]
[BlackElo "2013"]

1.Nf3 d5 2.g3 e6 3.Bg2 c5 4.O-O Nc6 5.d4 Nf6 6.c4 cxd4 7.Nxd4 Be7 8.Nc3 O-O
9.cxd5 exd5 10.h3 Re8 11.Be3 Be6 12.Rc1 Qd7 13.Kh2 Rad8 14.Qa4 h5 15.Rfd1 h4
16.Nxc6 hxg3+ 17.fxg3 bxc6 18.Qxa7 Bb4 19.Qxd7 Bxd7 20.Bd4 Bxc3 21.Bxc3 Rxe2
22.Re1 Rde8 23.Rxe2 Rxe2 24.Re1 Rc2 25.Kg1 Bf5 26.a4 c5 27.Bxf6 gxf6 28.Bxd5 Rxb2
29.Rc1 Bxh3 30.Rxc5 Rb1+ 31.Kf2 Ra1 32.a5 Bf1 33.Rc8+ Kg7 34.Ra8 f5 35.Ra7 Kf6
36.Bxf7 Bb5 37.Ke3  1/2-1/2

[Event "TCh-NED 2008-9"]
[Site "Netherlands NED"]
[Date "2009.02.07"]
[Round "5"]
[White "Fridman,Raf"]
[Black "Vedder,H"]
[Result "1/2-1/2"]
[WhiteElo "2457"]
[BlackElo "2358"]

1.Nf3 d5 2.g3 c6 3.Bg2 Nf6 4.O-O Bf5 5.d3 h6 6.b3 Nbd7 7.Bb2 e6 8.Nbd2 Be7
9.h3 O-O 10.Re1 Bh7 11.Ne5 Nxe5 12.Bxe5 a5 13.Nf3 a4 14.Rb1 axb3 15.axb3 Nd7
16.Bc3 Bf6 17.Qd2 Bxc3 18.Qxc3 Qf6 19.Qxf6 Nxf6 20.Ra1 Nd7 21.Nd2 Nb6 22.e3 Rxa1
23.Rxa1 Ra8 24.Rxa8+ Nxa8 25.Kf1 Kf8 26.f4 Nc7 27.Ke2 Ke7 28.Nf3 f6 29.Kd2 Kd6
30.Nh2 c5 31.e4 b5 32.Ng4 dxe4 33.dxe4 e5 34.f5 Bg8 35.Bf1 Bf7 36.Nf2 Be8
37.h4 Bc6 38.Ke3 Ne8 39.Nd3 b4 40.Nb2 Kc7 41.Bd3 Nd6 42.g4 Kd8 43.Nc4 Nxc4+
44.Bxc4 Ke7 45.Bd3 Be8 46.Bc4 Bc6 47.Bd3 Be8  1/2-1/2